00416nam a2200157Ia 45000010006000000050017000060080041000230410008000640820020000721000022000922450086001142600009002003000033002096500008002426540008002501359420260306164812.0260306t2010||||xx |||||||||||||| ||spa|| aESP a005.1bB95 V. 2 aBusby, JasoneAUT 0aMastering unreal technology:badvanced level design concepts with unreal engine 3 c2010 avi, 1068 páginas :c23 cm. aGEN aCCC